| 000 | 00356nam a22001457a 4500 | ||
|---|---|---|---|
| 008 | 250602b |||||||| |||| 00| 0 eng d | ||
| 020 | _a9780071101967 | ||
| 050 |
_aGE105 _b.k 38 |
||
| 100 | _aKaufmann Roberts | ||
| 245 | _aEnviromental Science | ||
| 260 |
_aAmerica _bMCGraw-Hill _c2008 |
||
| 300 | _a552p | ||
| 650 | _aenvironmental Science | ||
| 942 | _cBK | ||
| 999 |
_c3727 _d3727 |
||